=LDR 00000nam 2200000 4500 =001 INLIS000000000059002 =005 20211019075419 =035 ##$$a 0010-1021000450 =007 ta =008 211019###########################0#ind## =020 ##$$a 979-523-532-4 =082 ##$$a 028.5 =084 ##$$a 028.5 Tel t =245 ##$$a Telor - telor Penyuku : $b Seri Pustaka Anak Nusantara =300 ##$$a 36 halaman : $b Ilustrasi ; $c 24 cm =650 #4$$a Bacaan kanak - kanak =264 ##$$a jakarta :$b Dian Rakyat,$c 2001 =336 ##$$a teks$2 rdacontent =337 ##$$a lain-lain$2 rdamedia =338 ##$$a lain-lain$2 rdacarrier =990 ##$$a 21792179